<?xml version="1.0" encoding="UTF-8"?>
<record
    xmlns:xsi="http://www.w3.org/2001/XMLSchema-instance"
    xsi:schemaLocation="http://www.loc.gov/MARC21/slim http://www.loc.gov/standards/marcxml/schema/MARC21slim.xsd"
    xmlns="http://www.loc.gov/MARC21/slim">

  <leader>02454nam a2200349 i 4500</leader>
  <controlfield tag="003">DO-SdBNP</controlfield>
  <controlfield tag="005">20260526003349.0</controlfield>
  <controlfield tag="007">ta</controlfield>
  <controlfield tag="008">220603e2000    dr |||| r|||| 001 e spa d</controlfield>
  <datafield tag="020" ind1=" " ind2=" ">
    <subfield code="a">999342009</subfield>
  </datafield>
  <datafield tag="040" ind1=" " ind2=" ">
    <subfield code="a">DO-SdBNP</subfield>
    <subfield code="b">spa</subfield>
    <subfield code="c">BNPHU</subfield>
    <subfield code="e">rda</subfield>
  </datafield>
  <datafield tag="041" ind1=" " ind2=" ">
    <subfield code="a">spa</subfield>
  </datafield>
  <datafield tag="082" ind1=" " ind2="4">
    <subfield code="a">923.57293</subfield>
    <subfield code="b">L965g</subfield>
    <subfield code="2">23</subfield>
  </datafield>
  <datafield tag="245" ind1="1" ind2="0">
    <subfield code="a">Gregorio Luper&#xF3;n : </subfield>
    <subfield code="b">un modelo para la juventud /</subfield>
    <subfield code="c">correcci&#xF3;n, Di&#xF3;genes Valdez</subfield>
  </datafield>
  <datafield tag="264" ind1=" " ind2="1">
    <subfield code="a">Santo Domingo : </subfield>
    <subfield code="b">Ediciones Renovaci&#xF3;n,</subfield>
    <subfield code="c">2000.</subfield>
  </datafield>
  <datafield tag="300" ind1=" " ind2=" ">
    <subfield code="a">109 p&#xE1;ginas ;</subfield>
    <subfield code="c">23 cm</subfield>
  </datafield>
  <datafield tag="336" ind1=" " ind2=" ">
    <subfield code="a">texto</subfield>
    <subfield code="b">txt</subfield>
    <subfield code="2">rdacontent</subfield>
  </datafield>
  <datafield tag="337" ind1=" " ind2=" ">
    <subfield code="a">sin mediaci&#xF3;n</subfield>
    <subfield code="b">n</subfield>
    <subfield code="2">rdamedia</subfield>
  </datafield>
  <datafield tag="338" ind1=" " ind2=" ">
    <subfield code="a">volumen</subfield>
    <subfield code="b">nc</subfield>
    <subfield code="2">rdacarrier</subfield>
  </datafield>
  <datafield tag="490" ind1=" " ind2=" ">
    <subfield code="a">Colecci&#xF3;n "Por Nuestro Pa&#xED;s Primero"</subfield>
  </datafield>
  <datafield tag="504" ind1=" " ind2=" ">
    <subfield code="a">Bibliograf&#xED;a : p&#xE1;ginas 110- 111</subfield>
  </datafield>
  <datafield tag="505" ind1=" " ind2=" ">
    <subfield code="a">El compromiso de la firma Brugal &amp; Co. C. por A.--</subfield>
    <subfield code="t">Presentaci&#xF3;n--</subfield>
    <subfield code="t">Veredicto--</subfield>
    <subfield code="t">Luper&#xF3;n: Vivo y Vigente--</subfield>
    <subfield code="t">Introducci&#xF3;n--</subfield>
    <subfield code="t">I. Buscar a Luper&#xF3;n es lo primero entender el cause hist&#xF3;rico por el cual entra como vida-- </subfield>
    <subfield code="t">II. Indagar sobre las ra&#xED;ces de Luper&#xF3;n en localizar nativa comunidad--</subfield>
    <subfield code="t">III. Apreciar al ni&#xF1;o ejemplar que fue Luper&#xF3;n--</subfield>
    <subfield code="t">IV. Descubrir al ni&#xF1;o Dupedr&#xF3;n templ&#xE1;ndose en el cuerpo y en el esp&#xED;ritu--</subfield>
    <subfield code="t">V. Encontrar a Luper&#xF3;n el restaurador, el nacionalista, de la patria deseada--</subfield>
    <subfield code="t">Conclusi&#xF3;n--</subfield>
    <subfield code="t">Bibliograf&#xED;a--</subfield>
    <subfield code="t">M&#xE1;s all&#xE1; del ideario antillano: Presencia de Hostos en el pensamiento de Luper&#xF3;n--</subfield>
    <subfield code="t">Introducci&#xF3;n--</subfield>
    <subfield code="t">Puntos de partida de un a amistad antillana--</subfield>
    <subfield code="t">Conclusi&#xF3;n--</subfield>
    <subfield code="t">Bibliograf&#xED;a--</subfield>
    <subfield code="t">Nexos entre Gregorio Luper&#xF3;n y la ideolog&#xED;a durante el contexto de la historia republicana--</subfield>
    <subfield code="t">Introducci&#xF3;n--</subfield>
    <subfield code="t">I. Contexto situacional de Juan Pablo Duarte e ideolog&#xED;a--</subfield>
    <subfield code="t">II. Actitudes de las Potencias: Imperialistas y ofertas antinacionales--</subfield>
    <subfield code="t">III. Relevancia econ&#xF3;mica, Pol&#xED;tica y Militar del Cibao en el contexto de la aut&#xE9;ntica Independencia Nacional--</subfield>
    <subfield code="t">IV. Gregorio Luper&#xF3;n como estandarte de la ideolog&#xED;a de Juan Pablo Duarte---</subfield>
    <subfield code="t">A manera de conclusi&#xF3;n--</subfield>
    <subfield code="t">Bibliograf&#xED;a.</subfield>
  </datafield>
  <datafield tag="590" ind1=" " ind2=" ">
    <subfield code="a">Inventariado 2022 / MF</subfield>
  </datafield>
  <datafield tag="600" ind1="1" ind2="0">
    <subfield code="a">Luper&#xF3;n, Gregorio,</subfield>
    <subfield code="d">1839-1897</subfield>
    <subfield code="x">Ensayos</subfield>
    <subfield code="9">888</subfield>
  </datafield>
  <datafield tag="600" ind1="1" ind2="0">
    <subfield code="a">Luper&#xF3;n, Gregorio,</subfield>
    <subfield code="d">1839-1897</subfield>
    <subfield code="v">Biograf&#xED;a </subfield>
    <subfield code="9">89754</subfield>
  </datafield>
  <datafield tag="650" ind1=" " ind2="4">
    <subfield code="9">76836</subfield>
    <subfield code="a">Ensayos dominicanos</subfield>
  </datafield>
  <datafield tag="651" ind1=" " ind2="7">
    <subfield code="2">Lemb</subfield>
    <subfield code="a">Rep&#xFA;blica Dominicana</subfield>
    <subfield code="x">Historia</subfield>
    <subfield code="y">Guerra de la restauraci&#xF3;n, 1863-1865</subfield>
    <subfield code="9">84016</subfield>
  </datafield>
  <datafield tag="700" ind1=" " ind2=" ">
    <subfield code="a">Valdez, Di&#xF3;genes,</subfield>
    <subfield code="e">corrector</subfield>
    <subfield code="4">corr.</subfield>
    <subfield code="9">22958</subfield>
  </datafield>
  <datafield tag="710" ind1="1" ind2=" ">
    <subfield code="9">22081</subfield>
    <subfield code="a">Brugal &amp; Co</subfield>
    <subfield code="e">compilador</subfield>
  </datafield>
  <datafield tag="910" ind1=" " ind2=" ">
    <subfield code="a">MFeliz. Validado. Control de Calidad/MAA</subfield>
  </datafield>
  <datafield tag="942" ind1=" " ind2=" ">
    <subfield code="2">ddc</subfield>
    <subfield code="c">LFDS</subfield>
  </datafield>
  <datafield tag="952" ind1=" " ind2=" ">
    <subfield code="0">0</subfield>
    <subfield code="1">0</subfield>
    <subfield code="2">ddc</subfield>
    <subfield code="5">1</subfield>
    <subfield code="7">0</subfield>
    <subfield code="8">PD</subfield>
    <subfield code="a">BNPHU</subfield>
    <subfield code="b">BNPHU</subfield>
    <subfield code="c">CT</subfield>
    <subfield code="d">2019-08-19</subfield>
    <subfield code="e">Compra</subfield>
    <subfield code="l">0</subfield>
    <subfield code="o">BNPHU PD L965g</subfield>
    <subfield code="p">2022-2707</subfield>
    <subfield code="r">2022-06-03</subfield>
    <subfield code="w">2022-06-03</subfield>
    <subfield code="y">LBS1</subfield>
  </datafield>
  <datafield tag="952" ind1=" " ind2=" ">
    <subfield code="0">0</subfield>
    <subfield code="1">0</subfield>
    <subfield code="2">ddc</subfield>
    <subfield code="5">1</subfield>
    <subfield code="7">0</subfield>
    <subfield code="8">PD</subfield>
    <subfield code="a">BNPHU</subfield>
    <subfield code="b">BNPHU</subfield>
    <subfield code="c">CT</subfield>
    <subfield code="d">2019-08-19</subfield>
    <subfield code="e">Compra</subfield>
    <subfield code="l">0</subfield>
    <subfield code="o">BNPHU PD L965g</subfield>
    <subfield code="p">2022-2708</subfield>
    <subfield code="r">2022-06-03</subfield>
    <subfield code="t">e.2</subfield>
    <subfield code="w">2022-06-03</subfield>
    <subfield code="y">LBS1</subfield>
  </datafield>
  <datafield tag="952" ind1=" " ind2=" ">
    <subfield code="0">0</subfield>
    <subfield code="1">0</subfield>
    <subfield code="2">ddc</subfield>
    <subfield code="5">6</subfield>
    <subfield code="7">0</subfield>
    <subfield code="8">DS</subfield>
    <subfield code="a">BNPHU</subfield>
    <subfield code="b">BNPHU</subfield>
    <subfield code="c">CT</subfield>
    <subfield code="d">2019-08-19</subfield>
    <subfield code="e">Compra</subfield>
    <subfield code="l">0</subfield>
    <subfield code="o">BNPHU DS L965g</subfield>
    <subfield code="p">2022-2709</subfield>
    <subfield code="r">2022-06-03</subfield>
    <subfield code="t">e.3</subfield>
    <subfield code="w">2022-06-03</subfield>
    <subfield code="y">LBS1</subfield>
  </datafield>
  <datafield tag="952" ind1=" " ind2=" ">
    <subfield code="0">0</subfield>
    <subfield code="1">0</subfield>
    <subfield code="2">ddc</subfield>
    <subfield code="5">6</subfield>
    <subfield code="7">0</subfield>
    <subfield code="8">DS</subfield>
    <subfield code="a">BNPHU</subfield>
    <subfield code="b">BNPHU</subfield>
    <subfield code="c">HD</subfield>
    <subfield code="d">2019-08-19</subfield>
    <subfield code="e">Compra</subfield>
    <subfield code="o">BNPHU DS RD864.6 L965g</subfield>
    <subfield code="p">2022-2759</subfield>
    <subfield code="r">2022-06-03</subfield>
    <subfield code="t">e.4</subfield>
    <subfield code="w">2022-06-03</subfield>
    <subfield code="y">LBS1</subfield>
  </datafield>
  <datafield tag="952" ind1=" " ind2=" ">
    <subfield code="0">0</subfield>
    <subfield code="1">0</subfield>
    <subfield code="2">ddc</subfield>
    <subfield code="5">6</subfield>
    <subfield code="7">0</subfield>
    <subfield code="8">DS</subfield>
    <subfield code="a">BNPHU</subfield>
    <subfield code="b">BNPHU</subfield>
    <subfield code="c">CT</subfield>
    <subfield code="d">2023-12-01</subfield>
    <subfield code="e">Donado por la Presidencia de la Rep&#xFA;blica Dominicana 2023.</subfield>
    <subfield code="l">0</subfield>
    <subfield code="o">BNPHU DS 923.57293 L965g</subfield>
    <subfield code="p">2024-6812</subfield>
    <subfield code="r">2024-11-28</subfield>
    <subfield code="t">e. 5</subfield>
    <subfield code="w">2024-11-28</subfield>
    <subfield code="y">LBS1</subfield>
    <subfield code="z">Perteneci&#xF3; a la biblioteca personal de Emilio Cordero Michel</subfield>
  </datafield>
  <datafield tag="999" ind1=" " ind2=" ">
    <subfield code="c">51925</subfield>
    <subfield code="d">51925</subfield>
  </datafield>
</record>
